| 000 | 00912nam0a2200265 4500 | ||
|---|---|---|---|
| 001 | RU\NLR\BIBL_A\011260010 | ||
| 005 | 20250806210112.0 | ||
| 035 | _a(NLR Aleph) 011260010 | ||
| 090 |
_a80675 _c80675 |
||
| 100 | _a20161031d1944 m y0rusy50 ca | ||
| 101 | 1 |
_akir _brus _clit |
|
| 102 | _aKG | ||
| 105 | _ay z 000gy | ||
| 200 | 1 |
_aЖениш ырлары _eЛитва акындары _f[котор. ред. А. Токомбаев] |
|
| 210 |
_aФрунзе _cКыргызмамбас _d1944 |
||
| 215 |
_a32 с. _d14 |
||
| 541 | 1 |
_aПесни победы _e(сборник) |
|
| 686 | 1 | _aШ6(2=Ки)-91Ли7-5 | |
| 702 | 1 |
_aТокомбаев _bА. _f1904-1988 _gАалы _4340 |
|
| 852 |
_aNLR _bОНЛ _jКирг./1-331 |
||
| 852 |
_aNLR _bОНЛ _jКирг./1-331 |
||
| 942 | _cBOOK | ||
| 945 | _aРоссийская национальная библиотека | ||
| 980 | _aBV | ||